00893nam a22001937a 4500003000800000008004100008037000800049040003500057041000800092080001400100100002900114245017500143260006900318300002200387502017700409650006400586655001200650700003700662BI-BuBU260513b2025 bd fr|||| 000 0 fre d bdon aBI-BuBUbfrecBI-BuBUdBI-BuBU0 afre a631.879.41 4aut.aNdayikeza, Adeline10aEtude des préferences Alimentaires du ver de terre Eudrilus eugeniae (kinberg,1867) vis à vis de Six déchets organiguescAdeline Ndayikeza ; Prudence Bararunyeretse aBujumburabUniversité du Burundi, Faculté des Sciencesc2025 aXII-42 f.c30 cm. aMémoire présenté en vue de l'obtention du diplôme de master en Sciences et Gestion Intégrée de l"environnement Spécialité : Gestion des Resources Naturelles 72BI-BuBUaCompostxvers de terrexpréferences Alimentaires 2BI-BuBU 4dir.a Bararunyeretse , Prudence